| 000 | 01329cam a22003494a 4500 | ||
|---|---|---|---|
| 001 | 12873281 | ||
| 005 | 20200421093826.0 | ||
| 008 | 020417s2002 sp b 001 0 spa | ||
| 010 | _a 2002429239 | ||
| 020 | _a8484444988 | ||
| 035 | _a(SpBaP)pu020007931 | ||
| 040 |
_aDLC _cDLC _dDLC |
||
| 042 | _apcc | ||
| 043 | _ae-sp--- | ||
| 050 | 0 | 0 |
_aKKT3098 _b.S258 2002 |
| 100 | 1 |
_aSánchez Caro, Javier. _91624 |
|
| 245 | 1 | 0 |
_aTelemedicina y protección de datos sanitarios : _baspectos legales y eticos / _cJavier Sánchez-Caro, Fernando Abellán. |
| 260 |
_aGranada : _bEditorial Comares, _c2002. |
||
| 300 |
_axv, 132 p. ; _c22 cm. |
||
| 440 | 0 |
_aBiblioteca Comares de ciencia jurídica _91625 |
|
| 490 | 1 |
_aBiblioteca de derecho y ciencias de la vida ; _v14 |
|
| 504 | _aIncludes bibliographical references and index (p. [127]-130). | ||
| 650 | 0 |
_aMedical laws and legislation _zSpain. _91626 |
|
| 650 | 0 |
_aMedical telematics _xLaw and legislation _zSpain. _91627 |
|
| 650 | 0 |
_aData protection _xLaw and legislation. _91628 |
|
| 650 | 0 |
_aMedical records _xAccess control. _91629 |
|
| 700 | 1 |
_aAbellán, Fernando. _91630 |
|
| 830 | 0 |
_aBiblioteca Comares de derecho y ciencias de la vida ; _v14. |
|
| 906 |
_a7 _bcbc _corigres _d2 _encip _f20 _gy-gencatlg |
||
| 942 |
_2ddc _cBK |
||
| 999 |
_c323 _d323 |
||